| 000 | 01078nam a22002777a 4500 | ||
|---|---|---|---|
| 999 |
_c22519 _d22519 |
||
| 003 | AR-CdUCM | ||
| 008 | 190409b20192019 pe||||| |||| 00| 0 spa d | ||
| 020 | _a978-612-4453-03-8 | ||
| 040 |
_aMUNICIPALIDAD PROVINCIAL DEL CUSCO _cBIBLIOTECA MUNICIPAL DEL CUSCO |
||
| 082 |
_a305.420985/P12 _bP12 |
||
| 100 |
_aPachas Maceda, Sofía. _948405 |
||
| 245 |
_aZoila Aurora Cáceres y la ciudadanía femenina : _bla correspondencia de feminismo peruano / _cSofía Pachas Maceda |
||
| 260 |
_aLima : _bJNE : _bUNMSM : _bCentro de la Mujer Peruana Flora Tristán, _c2019. |
||
| 300 |
_a429 páginas. : _bil., facsíms., retrs. ; _c24 cm. |
||
| 500 |
_aIncluye índice. _zBibliografía: 81-92. |
||
| 650 |
_aCáceres, Zoila Aurora _948406 |
||
| 650 |
_aFeminismo _94003 |
||
| 650 |
_aMujeres _93760 |
||
| 650 |
_aHistoria _948407 |
||
| 650 |
_aEnsayos _948408 |
||
| 710 |
_aJurado Nacional de Elecciones Perú _948409 |
||
| 710 |
_aUniversidad Nacional Mayor de San Marcos _948410 |
||
| 710 |
_aCentro de la Mujer Peruana Flora Tristán _948411 |
||
| 942 |
_2ddc _cLIBROS |
||
| 945 | _arac | ||